000 01038 a2200253 4500
001 41400
005 20260407155708.0
008 260407a1995 arg spa d
003 AR-UNSa-BCEJYS
040 _aAR-UNSa-BCEJYS
_bspa
_cAR-UNSa-BCEJYS
080 _a658.16
_xReorganización financiera (Proyectos de inversión)
245 1 0 _aEvaluación de proyectos
020 _a978-970-10-0746-4
250 _a3a. ed.
264 1 _aMéxico :
_bMcGraw-Hill
_c1995
300 _axvi, 339 p.
_c23 cm.
505 _a1. Elementos conceptuales y preparación de la evaluación - 2. Estudio de Mercado - 3. Estudio Técnico - 4. Estudio Económico - 5. Evaluación Económica - 6. Análisis y Administración del Riesgo - 7. Evaluación de proyectos en centros de cómputo
041 _aspa
942 _cBK
590 _aniveau_biblio:m niveau_hierar:0
100 1 _aBaca Urbina, Gabriel
700 1 _aGonzález Hernández, Filiberto
856 4 1 _uhttps://biblioeco.unsa.edu.ar/pmb/images/libros/L126475.jpg
_yImagen de portada
_qimage/jpeg
999 _c3498
_d3498